Nová regulácia druhej smernice o platobných službách a aspekty jej implikácie do národných právnych úprav bakalárska práca
Salvato in:
| Autore principale: | |
|---|---|
| Enti autori: | , |
| Altri autori: | |
| Natura: | Libro |
| Lingua: | slovacco |
| Pubblicazione: |
Bratislava
2018
|
| Tags: |
Nessun Tag, puoi essere il primo ad aggiungerne!!
|
MARC
| LEADER | 00000nbm a2200000 4500 | ||
|---|---|---|---|
| 001 | 0245847 | ||
| 005 | 20181213111329.4 | ||
| 041 | 0 | |a slo | |
| 044 | |a SK | ||
| 245 | 1 | 0 | |a Nová regulácia druhej smernice o platobných službách a aspekty jej implikácie do národných právnych úprav |b bakalárska práca |c Daniela Girašková ; školiteľ: Ľubomír Čunderlík |
| 264 | 1 | |a Bratislava |c 2018 | |
| 300 | |a 46 s. | ||
| 100 | 1 | |a Girašková, Daniela | |
| 700 | 1 | |a Čunderlík, Ľubomír | |
| 710 | 2 | |a Ekonomická univerzita v Bratislave. Národohospodárska fakulta | |
| 710 | 2 | |a Univerzita Komenského v Bratislave. Právnická fakulta | |